|
|
|
|
| LEADER |
01041pam a22002778a 4500 |
| 001 |
00025523 |
| 005 |
20171026081022.0 |
| 008 |
110806s2002 ||||||viesd |
| 041 |
0 |
# |
|a vie
|
| 082 |
1 |
4 |
|a 895.922 090 01
|b B103GI
|
| 100 |
0 |
# |
|a Ngô Thời Đôn
|
| 245 |
0 |
0 |
|a Bài giảng thể tài và tác gia văn học việt nam trung đại
|c Ngô Thời Đôn,Hoàng Văn Phúc
|
| 260 |
# |
# |
|a Huế
|b [kxd]
|c 2002
|
| 300 |
# |
# |
|a 88tr.
|c 27cm.
|
| 500 |
# |
# |
|a Đầu bìa sách ghi: ĐH Huế.Trường ĐH SP
|
| 653 |
# |
# |
|a bài giảng
|
| 653 |
# |
# |
|a thể tài
|
| 653 |
# |
# |
|a văn học trung đại việt nam
|
| 653 |
# |
# |
|a tác gia văn học
|
| 700 |
0 |
# |
|a Hoàng Văn Phúc
|
| 852 |
# |
# |
|b Kho giáo trình
|j KGT.0024330, KGT.0024331, KGT.0024332, KGT.0024333
|
| 852 |
# |
# |
|b Kho mượn
|j KGT.0024330
|
| 852 |
# |
# |
|j KGT.0024331
|j KGT.0024332
|j KGT.0024330
|j KGT.0024333
|
| 910 |
|
|
|d 06/08/2011
|
| 980 |
# |
# |
|a Trung tâm Học liệu Lê Vũ Hùng, Trường Đại học Đồng Tháp
|